ბათუმის შოთა რუსთაველის სახელმწიფო უნივერსიტეტის ბიბლიოთეკა

ჩანაწერი Personal Name

ჩანაწერთა რაოდენობა, რომელიც გამოყენებულია: 1

001 - CONTROL NUMBER

  • control field: 22777

003 - CONTROL NUMBER IDENTIFIER

  • control field: GE_BSU

005 - DATE AND TIME OF LATEST TRANSACTION

  • control field: 20240709120308.0

008 - FIXED-LENGTH DATA ELEMENTS

  • fixed length control field: 240709|| aca||aabn | a|a d

040 ## - CATALOGING SOURCE

  • Original cataloging agency: GE_BSU
  • Transcribing agency: GE_BSU

100 ## - HEADING--PERSONAL NAME

  • Personal name: გაბოშვილი, ქეთევან
  • Relator term: რედაქტორი

670 ## - SOURCE DATA FOUND

  • Source citation: Work cat.: (GE_BSU)45478: შემოდგომის ლეგენდა 2009: აღმოაჩინე იყალთო შენში: ახალი სახეები, ახალი სახელები, შენი ხელწერა: სტუდენტური ლიტერატურული კონკურსი: 5 წლის საიუბილეო გამოცემა (2009-2013 /